Dead men wag no tails / Sarah Fox.
Available copies
- 2 of 2 copies available at LARL/NWRL Consortium.
Current holds
0 current holds with 2 total copies.
Show Only Available Copies
| Location | Call Number / Copy Notes | Barcode | Shelving Location | Status | Due Date |
|---|---|---|---|---|---|
| Crookston Public Library | M FOX (Text) | 33500014148787 | Main | Available | - |
| Moorhead Public Library | M FOX (Text) | 33500014148779 | Main | Available | - |
Record details
- ISBN: 9781448312313
- ISBN: 1448312310
- Physical Description: 210 pages ; 22 cm.
- Edition: First world edition.
- Publisher: Edinburgh : Severn House, 2025.
Content descriptions
| Summary, etc.: | It's August and the town is buzzing with ... Read More |
Search for related items by subject
| Subject: | Aunts > Fiction. Farms > Fiction. Treasure hunts > Fiction. Murder > Investigation > Fiction. Magic > Fiction. |
| Genre: | Cozy mysteries. Detective and mystery fiction. |
Search for related items by series
| LDR | 01976cam a2200445 i 4500 | ||
|---|---|---|---|
| 001 | 453398 | ||
| 003 | LARL_NWRL_CONSORTIUM | ||
| 005 | 20250130153045.0 | ||
| 008 | 241206s2025 stk 000 1 eng d | ||
| 040 | . | ‡aIG# ‡beng ‡erda ‡cIG# ‡dOCLCO ‡dIWE | |
| 020 | . | ‡a9781448312313 ‡q(hardcover) | |
| 020 | . | ‡a1448312310 ‡q(hardcover) | |
| 035 | . | ‡a(OCoLC)1464932901 | |
| 082 | 0 | 4. | ‡a813/.6 ‡223 |
| 100 | 1 | . | ‡aFox, Sarah ‡c(Mystery writer), ‡eauthor. ‡1https://id.oclc.org/worldcat/entity/E39PCjFYMm8wTxgtMX69YtTMpq |
| 245 | 1 | 0. | ‡aDead men wag no tails / ‡cSarah Fox. |
| 250 | . | ‡aFirst world edition. | |
| 264 | 1. | ‡aEdinburgh : ‡bSevern House, ‡c2025. | |
| 300 | . | ‡a210 pages ; ‡c22 cm. | |
| 336 | . | ‡atext ‡btxt ‡2rdacontent | |
| 337 | . | ‡aunmediated ‡bn ‡2rdamedia | |
| 338 | . | ‡avolume ‡bnc ‡2rdacarrier | |
| 490 | 0 | . | ‡aMagical menagerie ; ‡v2 |
| 520 | . | ‡aIt's August and the town is buzzing with anticipation for the annual Dead Eye Days pirate festival. The excitement reaches a fever pitch when long-term resident Jasper, a pirate fanatic, declares he isin possession of a treasure map! However, the hunt for treasure soon becomes a hunt for a murderer when Jasper is found dead, and Georgie is once again compelled to put on her sleuthing hat. | |
| 650 | 0. | ‡aAunts ‡vFiction. ‡0(LARL_NWRL_CONSORTIUM)163196 | |
| 650 | 0. | ‡aFarms ‡vFiction. | |
| 650 | 0. | ‡aTreasure hunts ‡vFiction. | |
| 650 | 0. | ‡aMurder ‡xInvestigation ‡vFiction. ‡0(LARL_NWRL_CONSORTIUM)166203 | |
| 650 | 0. | ‡aMagic ‡vFiction. ‡0(LARL_NWRL_CONSORTIUM)165984 | |
| 655 | 7. | ‡aCozy mysteries. ‡2lcgft | |
| 655 | 7. | ‡aDetective and mystery fiction. ‡2lcgft | |
| 905 | . | ‡uvanderl | |
| 901 | . | ‡a453398 ‡bAUTOGEN ‡c453398 ‡tbiblio ‡soclc | |

Add to basket
Permalink
Disable Highlighting